| 000 | 00860cab a22001935a 4500 | ||
|---|---|---|---|
| 001 | L159068 | ||
| 008 | 160106e20151128xxk 000 0 eng d | ||
| 035 | _a(Sirsi) u159068 | ||
| 041 | 0 | _aeng | |
| 245 | 0 | 0 | _aAll change for pre-pack sales? |
| 260 | _c2015 | ||
| 490 |
_aEstates Gazette _v(1547) 28 November 2015, 105(1) |
||
| 520 | _aInformation about changes to pre-pack sales which should improve transparency. From 1st November 2015 insolvency practitioners were required to adhere to new best practice guidance when dealing with the sales in the form of the revised statement of Insolvency Practice 16 (SIP16). Warns that this may limit the effectiveness of the pre-pack sale as a rescue tool for business. | ||
| 590 | _aKA | ||
| 651 | 4 |
_aEngland and Wales _y1543- |
|
| 690 |
_aProperty management _96262 |
||
| 690 |
_aProcurement _96260 |
||
| 942 | _n0 | ||
| 999 |
_c84789 _d84789 |
||